| 000 | 00370nam a2200145Ia 4500 | ||
|---|---|---|---|
| 008 | 230711s9999||||xx |||||||||||||| ||und|| | ||
| 041 | _aENG | ||
| 082 |
_a4 _bHA-I |
||
| 100 | _aHarris,Clive | ||
| 245 | 4 | _aThe IBM risk system /6000 | |
| 250 | _a1st . Ed. | ||
| 260 |
_c1993 _aNew York _bTata McGraw Hill Education Limited |
||
| 650 | _aComputer Engineering | ||
| 942 | _cBK | ||
| 999 |
_c3578 _d3578 |
||